[Event "SCO-ch 125th"]
[Site "Paisley"]
[Date "2018.07.09"]
[Round "3"]
[White "Grant, Jonathan"]
[Black "Noordhoek, Henk P"]
[Result "1-0"]
[WhiteElo "2213"]
[BlackElo "2000"]
[PlyCount "59"]
[EventDate "2018.07.07"]
[EventType "swiss"]
[EventRounds "9"]
[EventCountry "SCO"]
[SourceTitle "CBM 185 Extra"]
[Source "ChessBase"]
[SourceDate "2018.07.29"]
[SourceVersion "1"]
[SourceVersionDate "2018.07.29"]
[SourceQuality "1"]

1. c4 Nf6 2. g3 e5 3. Bg2 Nc6 4. Nc3 Bb4 5. Nd5 Bc5 6. e3 0-0 7. Ne2 Nxd5 8. cxd5 Ne7 9. 0-0 c6 10. Qc2 Bd6 11. Nc3 f5 12. f4 Qc7 13. fxe5 Bxe5 14. d4 Bf6 15. Nb5 Qb6 16. Nd6 g6 17. Nc4 Qa6 18. d6 Nd5 19. Bd2 b5 20. Na5 Nxe3 21. Bxe3 Qxa5 22. d5 Bb7 23. dxc6 Bxc6 24. Bxc6 dxc6 25. Qxc6 Qb4 26. Qd5+ Kg7 27. Rac1 Qe4 28. Rc7+ Kh8 29. Qxe4 fxe4 30. Rxf6 1-0

[Event "Barcelona Sant Marti op-A 18th"]
[Site "Barcelona"]
[Date "2016.07.20"]
[Round "8"]
[White "Yashas, Devappa"]
[Black "Noordhoek, Henk P"]
[Result "1-0"]
[WhiteElo "2201"]
[BlackElo "1976"]
[PlyCount "59"]
[EventDate "2016.07.13"]
[EventType "swiss"]
[EventRounds "9"]
[EventCountry "ESP"]
[SourceTitle "CBM 173 Extra"]
[Source "ChessBase"]
[SourceDate "2016.08.29"]
[SourceVersion "1"]
[SourceVersionDate "2016.08.29"]
[SourceQuality "1"]

1. b3 e5 2. Bb2 Nc6 3. e3 d5 4. Bb5 Bd6 5. Nf3 f6 6. c4 Nge7 7. Nc3 dxc4 8. Bxc4 a6 9. d4 exd4 10. Nxd4 Nxd4 11. Qxd4 b5 12. Be2 Bb7 13. Ne4 Be5 14. Qxd8+ Rxd8 15. Bxe5 fxe5 16. Nc5 Bc8 17. a4 c6 18. axb5 axb5 19. Ra7 Rf8 20. Bh5+ g6 21. Bf3 Rf6 22. 0-0 Rfd6 23. h3 Rd2 24. Rfa1 Bf5 25. Rc7 Rc8 26. Rb7 g5 27. Raa7 Ng8 28. Bh5+ Bg6 29. Rg7 Nf6 30. Rae7+ 1-0

[Event "Lille Luce op 6th"]
[Site "Lille"]
[Date "2015.05.06"]
[Round "3"]
[White "Poivre, Alain"]
[Black "Noordhoek, Henk P"]
[Result "0-1"]
[WhiteElo "1627"]
[BlackElo "2053"]
[PlyCount "102"]
[EventDate "2015.05.04"]
[EventType "swiss"]
[EventRounds "9"]
[EventCountry "FRA"]
[SourceTitle "EXT 2017"]
[Source "ChessBase"]
[SourceDate "2016.10.25"]
[SourceVersion "1"]
[SourceVersionDate "2016.10.25"]
[SourceQuality "1"]

1. e4 Nf6 2. e5 Nd5 3. d4 d6 4. Nf3 Bg4 5. Be2 c6 6. c4 Nb6 7. b3 dxe5 8. Nxe5 Bxe2 9. Kxe2 N8d7 10. Bf4 Nxe5 11. Bxe5 Nd7 12. Bg3 g6 13. Nd2 Bg7 14. Nf3 0-0 15. Rc1 Qa5 16. a4 Rad8 17. Re1 e5 18. Kf1 exd4 19. Bh4 Bf6 20. Bxf6 Nxf6 21. Re7 Qb4 22. c5 Nd5 23. Rc4 Qxc4+ 24. bxc4 Nxe7 25. Qb1 d3 26. Ke1 Rd7 27. Ne5 Rd4 28. Nxd3 Nf5 29. g3 Rfd8 30. Nb2 R8d7 31. Kf1 Ng7 32. a5 Ne6 33. Qe1 Rd2 34. Qe5 Rc2 35. Qb8+ Kg7 36. Qe5+ Kg8 37. Na4 Rdd2 38. Qb8+ Nf8 39. Qf4 Nd7 40. Qe3 Kg7 41. Nc3 Rxf2+ 42. Qxf2 Rxf2+ 43. Kxf2 Nxc5 44. Na2 Nb3 45. a6 bxa6 46. Nb4 Nd2 47. Nxc6 Nxc4 48. Ke2 Kf6 49. Nxa7 a5 50. Nc6 a4 51. Kd3 Ne5+ 0-1

[Event "Lille Luce op 6th"]
[Site "Lille"]
[Date "2015.05.04"]
[Round "1"]
[White "Manolache, Marius"]
[Black "Noordhoek, Henk P"]
[Result "1-0"]
[WhiteElo "2498"]
[BlackElo "2053"]
[PlyCount "49"]
[EventDate "2015.05.04"]
[EventType "swiss"]
[EventRounds "9"]
[EventCountry "FRA"]
[SourceTitle "EXT 2017"]
[Source "ChessBase"]
[SourceDate "2016.10.25"]
[SourceVersion "1"]
[SourceVersionDate "2016.10.25"]
[SourceQuality "1"]

1. d4 Nf6 2. Bg5 e6 3. e4 c5 4. d5 h6 5. Bxf6 Qxf6 6. Nc3 d6 7. Bb5+ Nd7 8. dxe6 fxe6 9. Nf3 a6 10. e5 Qf7 11. exd6 axb5 12. Nxb5 Ra4 13. 0-0 Qf4 14. Re1 Re4 15. Qd3 Nf6 16. Nc3 Rxe1+ 17. Rxe1 Bd7 18. Ne5 Rg8 19. Nxd7 Nxd7 20. Qg6+ Kd8 21. Qxe6 Nf6 22. d7 Bd6 23. g3 Qd2 24. Rd1 Qxc2 25. Qxd6 1-0

[Event "Dortmund Sparkassen op-A"]
[Site "Dortmund"]
[Date "2013.08.03"]
[Round "8"]
[White "Noordhoek, Henk P"]
[Black "Bausch, Thomas"]
[Result "1/2-1/2"]
[WhiteElo "2090"]
[BlackElo "1969"]
[PlyCount "156"]
[EventDate "2013.07.27"]
[EventType "swiss"]
[EventRounds "9"]
[EventCountry "GER"]
[SourceTitle "CBM 155 Extra"]
[Source "ChessBase"]
[SourceDate "2013.08.26"]
[SourceVersion "1"]
[SourceVersionDate "2013.08.26"]
[SourceQuality "1"]

1. e4 c5 2. Nf3 d6 3. Bb5+ Nd7 4. 0-0 a6 5. Be2 Ngf6 6. d3 e6 7. b3 Be7 8. Bb2 0-0 9. Nbd2 b5 10. e5 dxe5 11. Nxe5 Nxe5 12. Bxe5 Bb7 13. Bf3 Bd5 14. Re1 Nd7 15. Bb2 Bf6 16. Bxf6 Nxf6 17. Ne4 Nxe4 18. Bxe4 Qf6 19. a4 Bxe4 20. Rxe4 Rfd8 21. Rb1 Rd4 22. Qg4 Rad8 23. axb5 axb5 24. Kf1 h5 25. Qe2 g6 26. Re1 Rxe4 27. Qxe4 Qc3 28. Rc1 Kg7 29. Qe1 Qb2 30. Qd1 c4 31. bxc4 bxc4 32. g3 cxd3 33. cxd3 Rxd3 34. Qxd3 Qxc1+ 35. Kg2 Qc6+ 36. Kg1 Qd5 37. Qc3+ e5 38. h4 Qd4 39. Qc7 e4 40. Qe7 Qd1+ 41. Kg2 Qf3+ 42. Kg1 Qf5 43. Kg2 Qd5 44. Kg1 Qa8 45. Qe5+ Kg8 46. Qe7 Qa1+ 47. Kg2 Qd4 48. Qe8+ Kg7 49. Qe7 Qc4 50. Qe5+ Kf8 51. Qh8+ Ke7 52. Qe5+ Qe6 53. Qc5+ Kf6 54. Qg5+ Kg7 55. Qc5 f6 56. Qa7+ Qf7 57. Qd4 Qe7 58. Qe3 g5 59. hxg5 fxg5 60. Qd4+ Kg6 61. Qb6+ Qf6 62. Qc5 h4 63. gxh4 gxh4 64. Qc4 Qf3+ 65. Kg1 h3 66. Qg8+ Kh5 67. Qh7+ Kg4 68. Qg7+ Kh4 69. Qe7+ Kg4 70. Qg7+ Kf5 71. Qf7+ Kg5 72. Qg7+ Kh5 73. Qh7+ Kg4 74. Qg7+ Kh4 75. Qe7+ Kh5 76. Qh7+ Kg5 77. Qg7+ Kf5 78. Qf7+ Kg4 1/2-1/2

[Event "Dortmund Sparkassen op-A"]
[Site "Dortmund"]
[Date "2013.07.28"]
[Round "2"]
[White "Noordhoek, Henk P"]
[Black "Meyes, Richard"]
[Result "1/2-1/2"]
[WhiteElo "2090"]
[BlackElo "1808"]
[PlyCount "82"]
[EventDate "2013.07.27"]
[EventType "swiss"]
[EventRounds "9"]
[EventCountry "GER"]
[SourceTitle "CBM 155 Extra"]
[Source "ChessBase"]
[SourceDate "2013.08.26"]
[SourceVersion "1"]
[SourceVersionDate "2013.08.26"]
[SourceQuality "1"]

1. Nf3 Nf6 2. g3 g6 3. Bg2 Bg7 4. c4 0-0 5. d4 d6 6. Nc3 c6 7. e4 Qa5 8. 0-0 Be6 9. d5 Bg4 10. h3 Bxf3 11. Qxf3 Nbd7 12. Qe2 Rfc8 13. Bd2 Qd8 14. dxc6 bxc6 15. Rac1 Rab8 16. b3 Nc5 17. f4 Nfd7 18. Kh2 Ne6 19. Be3 Nd4 20. Qf2 c5 21. h4 h5 22. Bh3 Rc6 23. Kh1 f5 24. exf5 gxf5 25. Bxd4 cxd4 26. Na4 e6 27. Qf3 Rc7 28. Qxh5 Nf6 29. Qe2 Ne4 30. Kh2 Rbc8 31. Nb2 d5 32. Rc2 Qd6 33. Rfc1 Nc3 34. Qd3 Nxa2 35. Re1 Nb4 36. Qe2 Nxc2 37. Qxc2 Kf7 38. Qe2 Rh8 39. Nd3 dxc4 40. bxc4 Bf6 41. c5 Qe7 1/2-1/2

[Event "Liberec op 13th"]
[Site "Liberec"]
[Date "2012.10.27"]
[Round "9"]
[White "Voelz, Stephan"]
[Black "Noordhoek, Henk P"]
[Result "0-1"]
[WhiteElo "1932"]
[BlackElo "2114"]
[PlyCount "38"]
[EventDate "2012.10.20"]
[EventType "swiss"]
[EventRounds "9"]
[EventCountry "CZE"]
[SourceTitle "EXT 2013"]
[Source "ChessBase"]
[SourceDate "2012.11.22"]
[SourceVersion "1"]
[SourceVersionDate "2012.11.22"]
[SourceQuality "1"]

1. d4 Nf6 2. Nf3 g6 3. Bf4 Bg7 4. e3 b6 5. Be2 Bb7 6. h3 d6 7. 0-0 0-0 8. c3 c5 9. Nbd2 Nbd7 10. Bh2 Ne8 11. e4 Rc8 12. Re1 Nc7 13. a4 cxd4 14. cxd4 Ne6 15. e5 dxe5 16. dxe5 Ndc5 17. Qb1 Nd4 18. Bf1 Nce6 19. Bc4 Nxf3+ 0-1

[Event "Liberec op 12th"]
[Site "Liberec"]
[Date "2011.10.27"]
[Round "6"]
[White "Noordhoek, Henk P"]
[Black "Bednar, Marcel"]
[Result "1-0"]
[WhiteElo "2118"]
[BlackElo "2257"]
[PlyCount "115"]
[EventDate "2011.10.22"]
[EventType "swiss"]
[EventRounds "9"]
[EventCountry "CZE"]
[SourceTitle "EXT 2012"]
[Source "ChessBase"]
[SourceDate "2011.11.24"]
[SourceVersion "1"]
[SourceVersionDate "2011.11.24"]
[SourceQuality "1"]

1. e4 c5 2. Nf3 d6 3. Bb5+ Bd7 4. Bxd7+ Qxd7 5. 0-0 Nc6 6. c4 g6 7. d4 cxd4 8. Nxd4 Bg7 9. Be3 Nf6 10. f3 0-0 11. Nc3 Rfc8 12. b3 a6 13. a4 Qd8 14. Qd2 Qa5 15. Rfd1 Rab8 16. Rab1 Rc7 17. g3 Rbc8 18. Nde2 Rd7 19. Kg2 e6 20. Nf4 Ng4 21. fxg4 Bxc3 22. Qf2 b5 23. Bb6 Qb4 24. Bc5 dxc5 25. Rxd7 Bd4 26. Qf1 Ne5 27. Rb7 Nxg4 28. Qe2 Ne3+ 29. Kh1 Qa5 30. Qf3 Rf8 31. axb5 axb5 32. Rxb5 Qa2 33. Re1 h5 34. Rxe3 Bxe3 35. Qxe3 Rd8 36. Ne2 h4 37. Kg2 hxg3 38. hxg3 Qc2 39. Kf2 e5 40. Rb7 Rf8 41. g4 Qb1 42. Qf3 Qd1 43. Kg2 Qd2 44. Kg3 Qe1+ 45. Qf2 Qh1 46. Qf3 Qe1+ 47. Kg2 Qd2 48. Ra7 Kg7 49. Kf2 Qg5 50. Rd7 Kg8 51. Ng3 Qh4 52. Kg2 Qg5 53. Qd1 Qh4 54. Rd2 Rb8 55. Rf2 Rd8 56. Qf3 Qe7 57. Qf6 Qxf6 58. Rxf6 1-0

[Event "Liberec op 12th"]
[Site "Liberec"]
[Date "2011.10.23"]
[Round "2"]
[White "Piotrowski, Przemyslaw"]
[Black "Noordhoek, Henk P"]
[Result "1/2-1/2"]
[WhiteElo "1960"]
[BlackElo "2118"]
[PlyCount "85"]
[EventDate "2011.10.22"]
[EventType "swiss"]
[EventRounds "9"]
[EventCountry "CZE"]
[SourceTitle "EXT 2012"]
[Source "ChessBase"]
[SourceDate "2011.11.24"]
[SourceVersion "1"]
[SourceVersionDate "2011.11.24"]
[SourceQuality "1"]

1. e4 Nf6 2. e5 Nd5 3. c4 Nb6 4. c5 Nd5 5. Nc3 c6 6. Nxd5 cxd5 7. d4 d6 8. cxd6 exd6 9. Nf3 Nc6 10. Be2 Be7 11. 0-0 0-0 12. Bf4 Re8 13. Re1 dxe5 14. Nxe5 Nxe5 15. dxe5 Bb4 16. Rf1 a6 17. Qd4 Ba5 18. Rfd1 Be6 19. Bf3 Bb6 20. Qd3 Rc8 21. Bxd5 Qxd5 22. Qxd5 Bxd5 23. Rxd5 Rc2 24. Rd2 Rxd2 25. Bxd2 Rxe5 26. Re1 Rxe1+ 27. Bxe1 Bd4 28. b3 f5 29. Kf1 Kf7 30. Ke2 Ke6 31. Kd3 Kd5 32. f3 g6 33. Bd2 Be5 34. g3 h5 35. Bf4 Bf6 36. h3 g5 37. Be3 g4 38. hxg4 hxg4 39. fxg4 fxg4 40. Bf4 Bd4 41. Bb8 Bf2 42. Ke2 Bc5 43. Kd3 1/2-1/2

[Event "Liberec op 11th"]
[Site "Liberec"]
[Date "2010.10.28"]
[Round "7"]
[White "Noordhoek, Henk P"]
[Black "Loberg, Jo Kristian"]
[Result "1-0"]
[WhiteElo "2089"]
[BlackElo "1949"]
[PlyCount "97"]
[EventDate "2010.10.23"]
[EventType "swiss"]
[EventRounds "9"]
[EventCountry "CZE"]
[SourceTitle "EXT 2011"]
[Source "ChessBase"]
[SourceDate "2010.11.26"]
[SourceVersion "1"]
[SourceVersionDate "2010.11.26"]
[SourceQuality "1"]

1. e4 c5 2. Nf3 d6 3. Bb5+ Bd7 4. Bxd7+ Qxd7 5. 0-0 Nc6 6. c4 Nf6 7. Nc3 g6 8. d4 cxd4 9. Nxd4 Bg7 10. Nde2 0-0 11. f3 Rfc8 12. Be3 Qd8 13. b3 Qa5 14. Rc1 Rd8 15. Qd2 Rdc8 16. Rfd1 Nd7 17. g3 Nde5 18. Kg2 Nd7 19. Qe1 Nf6 20. Qf2 b6 21. Rd2 Qa6 22. Rcd1 Qb7 23. Kg1 Rd8 24. Na4 Rac8 25. Nb2 Nb4 26. Nd3 Nxd3 27. Rxd3 Nd7 28. Nf4 Nf6 29. Nd5 Ra8 30. Bf4 Nxd5 31. Rxd5 Rac8 32. Be3 Rc7 33. Qd2 Rcc8 34. Kg2 Bf6 35. g4 Bg7 36. Bf4 Qc7 37. h4 Rb8 38. h5 Qc6 39. Qe2 Qc7 40. a4 Bf6 41. Qd2 Rbc8 42. Kg3 Qb7 43. Rh1 Rc5 44. hxg6 hxg6 45. Qh2 Rdc8 46. e5 Bg7 47. Qh7+ Kf8 48. Bh6 Bxh6 49. Qh8# 1-0

[Event "Liberec op 11th"]
[Site "Liberec"]
[Date "2010.10.24"]
[Round "2"]
[White "Nemcova, Katerina"]
[Black "Noordhoek, Henk P"]
[Result "1-0"]
[WhiteElo "2283"]
[BlackElo "2089"]
[PlyCount "91"]
[EventDate "2010.10.23"]
[EventType "swiss"]
[EventRounds "9"]
[EventCountry "CZE"]
[SourceTitle "EXT 2011"]
[Source "ChessBase"]
[SourceDate "2010.11.26"]
[SourceVersion "1"]
[SourceVersionDate "2010.11.26"]
[SourceQuality "1"]

1. e4 Nf6 2. e5 Nd5 3. d4 d6 4. Nf3 g6 5. Bc4 Nb6 6. Bb3 Bg7 7. a4 0-0 8. a5 N6d7 9. e6 fxe6 10. Ng5 Nf6 11. Bxe6+ Kh8 12. 0-0 Qe8 13. Re1 d5 14. Nc3 c6 15. Bxc8 Qxc8 16. Rxe7 Ng4 17. f3 Nh6 18. Re2 Re8 19. Bf4 Na6 20. Qd2 Qd7 21. Rae1 Nf7 22. Ne6 Bf6 23. Na4 Nd6 24. b3 Nf5 25. c3 Qf7 26. b4 Ng7 27. Nxg7 Kxg7 28. Be5 Bxe5 29. Rxe5 Nc7 30. Qe3 Kg8 31. Nc5 b6 32. axb6 axb6 33. Ne6 Nxe6 34. Rxe6 Rxe6 35. Qxe6 Qxe6 36. Rxe6 Rc8 37. Re7 c5 38. bxc5 bxc5 39. Rd7 h6 40. h4 Kf8 41. g4 cxd4 42. cxd4 Rc2 43. Rxd5 Ke7 44. h5 Kf6 45. Rd6+ Kg5 46. hxg6 1-0

[Event "Dresden ZMD op"]
[Site "Dresden"]
[Date "2010.07.16"]
[Round "7"]
[White "Siegl, Detlef"]
[Black "Noordhoek, Henk P"]
[Result "0-1"]
[WhiteElo "1944"]
[BlackElo "2107"]
[PlyCount "108"]
[EventDate "2010.07.10"]
[EventType "swiss"]
[EventRounds "9"]
[EventCountry "GER"]
[SourceTitle "CBM 137 Extra"]
[Source "ChessBase"]
[SourceDate "2010.09.01"]
[SourceVersion "1"]
[SourceVersionDate "2010.09.01"]
[SourceQuality "1"]

1. e4 Nf6 2. e5 Nd5 3. d4 d6 4. c4 Nb6 5. exd6 exd6 6. Nf3 Be7 7. h3 Bf5 8. Bd3 Qd7 9. 0-0 0-0 10. Nc3 Nc6 11. Bxf5 Qxf5 12. b3 Bf6 13. Be3 Rfe8 14. Rc1 Ne7 15. Qd2 c6 16. Bg5 Bxg5 17. Qxg5 Qxg5 18. Nxg5 d5 19. c5 Nd7 20. Rfe1 Nf8 21. Re2 Nf5 22. Rxe8 Rxe8 23. Nf3 Ne6 24. Rd1 h5 25. h4 f6 26. Kf1 Kf7 27. b4 g5 28. hxg5 Nxg5 29. Nxg5+ fxg5 30. Ne2 Re4 31. Rd3 a6 32. Rd2 Kf6 33. Rd3 g4 34. g3 Kg5 35. Rd2 h4 36. gxh4+ Kxh4 37. Rd3 Kg5 38. Rd2 Nh4 39. Rd3 Nf3 40. Rd1 Re7 41. Rd3 Re8 42. Rd1 Rh8 43. Ng3 Re8 44. Ne2 Nh4 45. Rd3 Nf5 46. Rd2 Rh8 47. a3 Rh3 48. a4 Rb3 49. b5 axb5 50. axb5 Rxb5 51. Nc3 Rb4 52. Ne2 Rb1+ 53. Kg2 Nh4+ 54. Kg3 Rb3+ 0-1

[Event "Dresden ZMD op"]
[Site "Dresden"]
[Date "2010.07.15"]
[Round "6"]
[White "Noordhoek, Henk P"]
[Black "Stark, Saskia"]
[Result "1/2-1/2"]
[WhiteElo "2107"]
[BlackElo "1970"]
[PlyCount "32"]
[EventDate "2010.07.10"]
[EventType "swiss"]
[EventRounds "9"]
[EventCountry "GER"]
[SourceTitle "CBM 137 Extra"]
[Source "ChessBase"]
[SourceDate "2010.09.01"]
[SourceVersion "1"]
[SourceVersionDate "2010.09.01"]
[SourceQuality "1"]

1. Nf3 d5 2. g3 Nf6 3. Bg2 Nbd7 4. d4 e6 5. 0-0 Be7 6. b3 0-0 7. Bb2 b5 8. Nfd2 Rb8 9. e3 c5 10. dxc5 Bxc5 11. Nc3 a5 12. Nf3 Qb6 13. Ne2 Ba6 14. Nf4 Rbc8 15. Nd3 b4 16. Re1 Rfd8 1/2-1/2

[Event "Dresden ZMD op"]
[Site "Dresden"]
[Date "2010.07.10"]
[Round "1"]
[White "Boehme Ziska, Christine"]
[Black "Noordhoek, Henk P"]
[Result "0-1"]
[WhiteElo "1711"]
[BlackElo "2107"]
[PlyCount "108"]
[EventDate "2010.07.10"]
[EventType "swiss"]
[EventRounds "9"]
[EventCountry "GER"]
[SourceTitle "CBM 137 Extra"]
[Source "ChessBase"]
[SourceDate "2010.09.01"]
[SourceVersion "1"]
[SourceVersionDate "2010.09.01"]
[SourceQuality "1"]

1. c4 Nf6 2. d4 g6 3. Nc3 d5 4. cxd5 Nxd5 5. e4 Nxc3 6. bxc3 c5 7. Be3 Bg7 8. Qd2 0-0 9. Bc4 Nc6 10. Ne2 Qc7 11. Rc1 Rd8 12. 0-0 b6 13. a4 Na5 14. Qa2 Nxc4 15. Qxc4 e6 16. Rfd1 Bb7 17. f3 Rac8 18. Rd2 Qe7 19. Qb5 cxd4 20. Nxd4 Rd6 21. Rcd1 Rcd8 22. Nf5 exf5 23. Rxd6 Rxd6 24. Rxd6 Qxd6 25. Qe8+ Bf8 26. Bh6 Qe7 27. Qb8 Qc5+ 28. Kf1 Ba6+ 29. Ke1 Qxc3+ 30. Kd1 Qc8 31. Bf4 Qxb8 32. Bxb8 fxe4 33. fxe4 b5 34. axb5 Bxb5 35. Bxa7 Bc6 36. Ke2 Bxe4 37. Kf2 Bd6 38. g3 f5 39. Bd4 Kf7 40. Ke3 Ke6 41. Ba7 Kd5 42. Ke2 Bc5 43. Bb8 Bg1 44. h4 Bd4 45. Bf4 Be5 46. Bxe5 Kxe5 47. Ke3 h6 48. Kf2 Kd4 49. Ke2 Bh1 50. Kf2 Ke4 51. Kg1 Bf3 52. Kf2 Bg4 53. Kg1 Kf3 54. Kh2 Kf2 0-1